000 00372 a2200109 4500
001 ART_14116
005 20260410161912.0
008 260409a
245 1 0 _aRelationship between macroeconomic time series in a fixed exchange rate economy
100 1 _aLeiderman, Leonardo
773 0 _tEuropean economic review
_g- Vol. 14, NÂș 1 (jul. 1980)
_wREV13346
999 _c26890
_d26890